MDQL
is popping MORE tags! Check the
thread
!
Quizzes
Events
Quiz Creation
Community
Videos
Private Events
Remove Ads
Sign In
Join for FREE
Feedback
Dark Mode
Quiz Categories
Sports
Geography
Music
Movies
Television
Just For Fun
Miscellaneous
History
Literature
Language
Science
Gaming
Entertainment
Religion
Holiday
For Kids
Quiz Lab
Recent
Popular Today
Quiz Kudos Today
Editor Picks
Curator Picks
Quizzes by...
Day
Popularity
Type
Ratings
Length
Year
Community
Subscriptions
Recent Discussions
Orange Saloon
Badges
Playlists
Quests
Create
Leaderboards
Showdown
Live 5
Trivia Bingo
Activity
Puzzle Library
Sporcle Events
Private Events
Virtual Trivia
Globe League
Become a Host
Pub Owners
SporcleCon
Opinionation
Our Games
Videos
Blog
Mobile Apps
Partnerships
Remove Ads and Go Orange
Feedback
Sports
Athletes
MLB
NBA
NHL
NFL
Soccer
Sports Teams
WWE
NCAA
Football
Premier League
Basketball
Baseball
Hockey
Golf
Tennis
Cricket
Rugby
Auto Racing
Olympics
World Cup
Sports
Athletes
MLB
NBA
NHL
NFL
Soccer
Sports Teams
WWE
NCAA
Football
Premier League
Basketball
Baseball
Hockey
Golf
Tennis
Cricket
Rugby
Auto Racing
Olympics
World Cup
Random Quiz
Search Sporcle
×
Quiz Lab
Quiz Lab
Sports
team
Type in answers that appear in a list
Type in answers that appear in a list
Classic
Best Score? Go Orange.
Clare Minor Hurling Team 2010 Stats
Can you name the Clare Minor Hurling Team 2010?
By
SMBMAN11
5m
31 Questions
82 Plays
82 Plays
82 Plays
Comments
Comments
Give Quiz Kudos
Give Quiz Kudos
-
- Ratings
hide this ad
Replay
Link that replays current quiz
Next Quiz
Link to next quiz in quiz playlist
You Got
0%
They Got
Avg Score
26%
Avg Friend Score
Upgrade to see
Score Distribution
Jump to the score distribution portion of the page
Score
0/31
Timer
05:00
0
Plays Today
% Correct
Tony Kelly
91.5%
Colm Galvin
69.5%
Paul Flanagan
45.1%
Seadna Morey
45.1%
David McInerney
45.1%
Cathal O'Connell
42.7%
Aaron Cunningham
37.8%
Ronan Taaffe
35.4%
Jamie Shanahan
30.5%
Niall Arthur
30.5%
David O'Halloran
29.3%
Enda Boyce
28%
Kevin Lynch
28%
Cathal Malone
26.8%
Stephen O'Halloran
25.6%
Daire Keane
23.2%
% Correct
Haulie Vaughan
22%
Paudge Collins
18.3%
Noel Purcell
14.6%
Niall Woods
13.4%
Jarlath Colleran
13.4%
Damien Lafferty
13.4%
Cathal Doohan
12.2%
Alan Mulready
11%
Martin Moroney
11%
Frank Melody
9.8%
Darragh Corry
9.8%
Pa Sheehan
8.5%
Tomas McNamara
4.9%
Mikey O'Neill
4.9%
Niall DeLoughrey
4.9%
Quiz Playlist
Details
Report
Send in Message
Add To Playlist
Classic:
Type in answers that appear in a list
Last Updated: Feb 16, 2017
Quiz Scoreboard
CHALLENGE
Sign Up to Join the Scoreboard
Show All
Scores
Hide
Comments
May contain spoilers
Recently Published
Street Fighter Characters
by Artimus82
Gaming
60s
9x9 Crossword: Cartoon Network
by jackfrog10
Miscellaneous
3m
College Basketball Coaching Resumes
by pancakes188
Sports
9m
More to Explore
Quiz From the Vault
Featured Blog Post
Where Did the Easter Bunny Come From?
hide this ad
You Might Also Like...
Tags
2010
Hurling
minor
team
Today's Top Quizzes in Sports
Browse Sports
hide this ad
Today's Top Quizzes in team
Browse team
Top Contributed Quizzes in Sports
1
2022 World Cup Stars
2
Les meilleurs buteurs des matchs entre le PSG et l’OM
3
FIFA Club World Cup Champions
4
Les entraîneurs de l'OM et du PSG au 21e siècle
5
Criteria MLB: Left Handed Sluggers
6
2023 MLB Unique Player Accomplishments
7
AFC Teams Reveal (Wrong Answers Minefield)
8
5-to-1: FBS Animal Nicknames
9
Players with Multiple 50 Home Run Seasons
10
5-to-1: UK Sports Teams
Explore More
Trending Topics
Kpop
Anime
NBA
Crossword
Harry Potter
Disney
Marvel
Song
Country
WWE
NFL
Pokémon
Soccer
The Office
Puzzle
hide this ad
More By:
SMBMAN11
Quiz
Plays
Rating
Category
Featured
Created
Clare Minor Hurling Team 2010
82
Sports
Jul 23, 2011
Clare hurlers during the Loughnane era 1995-2000
73
Sports
Jul 23, 2011
Clare Under-21 hurling team 2009
68
Sports
Jul 23, 2011
Sixmilebridge All-Ireland Club Champions 1996
18
Sports
Aug 7, 2011
Clare hurlers to play championship under Daly 2004-2006
13
Sports
Jul 24, 2011
Go to Creator's Profile
Score Distribution
Quiz Creator Spotlight
SMBMAN11
Follow
Send a Message
Quizzes Created
-
Created Quiz Play Count
-
More By This Creator
Popular Quizzes Today
1
Find the US States - No Outlines Minefield
2
Find the Countries of Europe - No Outlines Minefield
3
The Countries of the World
4
Find the US States
5
Risky Map Clicking: Biggest States A-Z
6
US States
7
Popular People in 1961
8
Movies - When Are They Set?
More Sports Quizzes
Wrestlemania & Starrcade Wrestlers
Published
Trending Quizzes
Risky Map Clicking: Least Populous States A-Z
Countries of the World: 200 Million BC
Billboard Blitz: Aretha Franklin
1-10 Letter G Words
Famous Russians: Author or Composer?
Recently Updated
Leaping Animals
pecheneg
Reality TV Shows (A-Z)
bhenderson79
Rickey Henderson's Hall of Fame Teammates
pecheneg
Champions League XIs: Arsenal
pecheneg
Quick Pick: Celebrities in WWE's Hall of Fame
aduchscher
A-Z Keypad Blitz II
pecheneg
Multiple Oscar Actors
pecheneg
Mystery Phrase Blitz: Oscar 'Best Actors'
pecheneg
F. Scott Fitzgerald Novels
LTH
Pick 3 Villains
ddd62291
Trending Topics
Crossword
Marvel
Anime
Kpop
NBA
Harry Potter
Disney
NFL
Soccer
Country
Song
WWE
Pokémon
Puzzle
The Office
Your Account Isn't Verified!
In order to create a playlist on Sporcle, you need to verify the email address you used during registration. Go to your
Sporcle Settings
to finish the process.
Report this User
Report this user for behavior that violates our
Community Guidelines
.
Details:
Send Report
Go to the Sporcle.com Mobile Site →
Comments